|
|
|
|
| LEADER |
00000nam a22000007a 4500 |
| 005 |
2021051403053.0 |
| 007 |
cr|||| |||| |
| 008 |
210514s2014 co |||||s|||| 00||0 spa d |
| 020 |
|
|
|a 978-958-762-241-6
|
| 035 |
|
|
|a 33388
|
| 040 |
|
|
|a vLex
|
| 090 |
|
|
|c 11660
|d 11660
|
| 100 |
1 |
|
|a Carrascal Arranz, Ursicino
|
| 245 |
1 |
0 |
|a Estads̕tica descriptiva con Microsoftʼ Excel 2010
|h [Recurso electrn̤ico] /
|c Ursicino Carrascal Arranz
|
| 256 |
|
|
|a Servicio en ln̕ea
|
| 260 |
|
|
|a Bogot:̀
|b Ediciones de la U,
|c 2014
|
| 300 |
|
|
|a 1 recurso electrn̤ico
|
| 500 |
|
|
|a El libro que tiene en sus manos constituye un manual completo de Estads̕tica Descriptiva correspondiente a la materia que con el mismo tt̕ulo se imparte en los Grados de Economa̕ y Administracin̤ de Empresas de las universidades espaǫlas, si bien puede ser utilizado por cualquier otro estudioso o profesional de muchas otras ramas con necesidad de analizar datos. De hecho, y aunque en ocasiones aparecen en el texto ejemplos con carc̀ter econm̤ico, tambiň aparecen de otros temas.
|
| 506 |
1 |
|
|a Disponible solo en los productos indicados
|d vLex Global
|d vLex Global (Academic Edition, excluding Law Schools)
|d vLex Global (U.S. Academic Edition, Law Schools)
|d vLex Global (U.S. Academic Edition, excluding Law Schools)
|d vLex Global (Academic Edition, Law Schools)
|
| 650 |
0 |
4 |
|a Economa̕ y negocios
|z Colombia
|
| 740 |
0 |
|
|a vLex Libros (Servicio en ln̕ea)
|
| 856 |
4 |
0 |
|u https://vlex.com/source/estadistica-descriptiva-con-microsoft-excel-2010-33388
|z Acceso restringido
|
| 942 |
|
|
|c BOOK
|
| 999 |
0 |
|
|a Economy and business
|